Riconosci il Pokémon - Quiz n°264 - Statistics

Statistiche generali
  • Questo quiz è stato fatto 1 volte
  • Il punteggio medio è 9 su 10
Statistiche sulle risposte
Indizio Risposta % Corretto
Altezza 1,8 m
100%
Peso 380,7 kg
100%
Tasso di cattura 50 (12.9%)
100%
Abilità Carica Quark
100%
Tasso di allevamento Lento
100%
Tipo Lotta / Elettro
100%
Generazione Nona
100%
Stadio evoluzione Non si evolve
100%
Sesso Sconosciuto
100%
Pokémon Manoferrea
0%
Nessun quiz corrispondente trovato
Distribuzione punteggi
Percentuale di utenti per punteggio
Percentile per numero di risposta
I tuoi punteggi nel tempo
Non hai fatto questo quiz